A bond honoured (Record no. 66565)
[ view plain ]
| 000 -LEADER | |
|---|---|
| fixed length control field | 01246cam a2200253 4500 |
| 001 - CONTROL NUMBER | |
| control field | ABS63746 |
| 008 - FIXED-LENGTH DATA ELEMENTS--GENERAL INFORMATION | |
| fixed length control field | 000000n2001 000 0 eng u |
| 035 ## - SYSTEM CONTROL NUMBER | |
| System control number | (Sirsi) u111725 |
| 100 ## - MAIN ENTRY--PERSONAL NAME | |
| Personal name | Morrison, A. |
| 245 #2 - TITLE STATEMENT | |
| Title | A bond honoured |
| 260 ## - PUBLICATION, DISTRIBUTION, ETC. | |
| Date of publication, distribution, etc. | 2001 |
| 490 ## - SERIES STATEMENT | |
| Series statement | Estates Gazette |
| Volume/sequential designation | (0112) 24 March 2001, 148-149(2) |
| 520 ## - SUMMARY, ETC. | |
| Summary, etc. | In response to criticism, following a recent spate of high-profile closures, (Corus,Vauxhall, Ford) Trade and Industry secretary Steven Byers has announced plans to review arrangements in the UK on mass redundancies. This will consider whether new legislation should be introduced that would require large employers to consult more with their workers before redundancies are announced. Suggests any such new legislation would bring the UK into line with other more heavily regulated European Union states. Looks at employer/employee relations and employment costs across Europe, and considers how far these are likely to affect occupiers' locational decisions. |
| 590 ## - LOCAL NOTE (RLIN) | |
| Local note | ABS |
| 650 ## - SUBJECT ADDED ENTRY--TOPICAL TERM | |
| Topical term or geographic name entry element | REDUNDANCY |
| 650 ## - SUBJECT ADDED ENTRY--TOPICAL TERM | |
| Topical term or geographic name entry element | OCCUPIERS |
| 650 ## - SUBJECT ADDED ENTRY--TOPICAL TERM | |
| Topical term or geographic name entry element | COSTS |
| 650 ## - SUBJECT ADDED ENTRY--TOPICAL TERM | |
| Topical term or geographic name entry element | CONSULTATION |
| 650 ## - SUBJECT ADDED ENTRY--TOPICAL TERM | |
| Topical term or geographic name entry element | EUROPE |
| 650 ## - SUBJECT ADDED ENTRY--TOPICAL TERM | |
| Topical term or geographic name entry element | EMPLOYMENT ISSUES |
| 650 ## - SUBJECT ADDED ENTRY--TOPICAL TERM | |
| Topical term or geographic name entry element | EMPLOYMENT LAW |
| 690 ## - LOCAL SUBJECT ADDED ENTRY--TOPICAL TERM (OCLC, RLIN) | |
| Topical term or geographic name as entry element | MANAGEMENT |
| 942 ## - ADDED ENTRY ELEMENTS (KOHA) | |
| Suppress in OPAC | 0 |
| Withdrawn status | Lost status | Source of classification or shelving scheme | Damaged status | Not for loan | Home library | Current library | Shelving location | Date acquired | Total Checkouts | Full call number | Barcode | Date last seen | Copy number | Price effective from | Koha item type |
|---|---|---|---|---|---|---|---|---|---|---|---|---|---|---|---|
| Dewey Decimal Classification | London | London | Journal article | 02/04/2001 | ABS63746 | 111725-1001 | 06/08/2019 | 1 | 06/08/2019 | Journal article |